Cricket World Cup "Man of the Tournament" Award Winners - Statistics

General Stats
  • This quiz has been taken 502 times
  • The average score is 5 of 8
Answer Stats
Year Cricketing Nation Cricketer % Correct
2003 India Sachin Tendulkar
86%
2019 New Zealand Kane Williamson
80%
2011 India Yuvraj Singh
64%
2015 Australia Mitchell Starc
63%
2007 Australia Glenn McGrath
52%
1996 Sri Lanka Sanath Jayasuriya
43%
1992 New Zealand Martin Crowe
39%
1999 South Africa Lance Klusener
29%
No matching quizzes found
Score Distribution
Percent of People with Each Score
Percentile by Number Answered
Your Score History
You have not taken this quiz